000 00301nam a22001337a 4500
008 170911b xxu||||| |||| 00| 0 eng d
020 _a9780792278788
041 _aeng
080 _a52
100 _a42
101 _aAST
245 _aWXPLORING THE SOLAR SYSTEM
_cBEATTY.J.K
942 _2udc
_cBK
999 _c27059
_d27059